000 00209nam a22000977a 4500
100 _aLINDSAY PETER .A.
245 _aINTRODUCTION TO QUANTUM ELECTRONICS
260 _c1975
300 _a202P
_bILL
942 _cBK
999 _c252093
_d252092